Landlocked Europe: Clickable Quiz Stats

 Plays Quiz Updated Feb 13, 2019

Support Sporcle.
Go Orange.
Score 0/15 Timer 03:00
10 Plays Today
% Correct
Austria
85.2%
Liechtenstein
85.2%
Luxembourg
84%
Czechia
82.6%
Andorra
79.1%
Hungary
76.8%
Vatican City
76.6%
Switzerland
75.6%
% Correct
Kosovo
72.4%
Slovakia
71.6%
Belarus
68.5%
Moldova
66.1%
San Marino
64%
North Macedonia
60.2%
Serbia
57%

From the Vault

Finish the Mythological Figure

by strokes_static

It's not as daunting as the title makes it sound.
Remove Ads.
Support Sporcle.
Get the best of Sporcle when you Go Orange. This ad-free experience offers more features, more stats, and more fun while also helping to support Sporcle. Thank you for becoming a member.

Show Comments

Extras

Top Quizzes Today


Score Distribution

Your Account Isn't Verified!

In order to create a playlist on Sporcle, you need to verify the email address you used during registration. Go to your Sporcle Settings to finish the process.

Report this User

Report this user for behavior that violates our Community Guidelines.

Details: